Contemporary engineering economics (Record no. 2014)

000 -LEADER
fixed length control field 00571nam a22002054a 4500
001 - CONTROL NUMBER
control field 2014
003 - CONTROL NUMBER IDENTIFIER
control field BD-DhUET
008 - FIXED-LENGTH DATA ELEMENTS--GENERAL INFORMATION
fixed length control field 160220b xxu||||| |||| 00| 0 eng d
020 ## - INTERNATIONAL STANDARD BOOK NUMBER
International Standard Book Number 0130893102
040 ## - CATALOGING SOURCE
Original cataloging agency DLC
Transcribing agency DLC
Modifying agency BD-DhUET
Language of cataloging 0
082 00 - DEWEY DECIMAL CLASSIFICATION NUMBER
Classification number 658.15
Item number PAR/2002
100 1# - MAIN ENTRY--PERSONAL NAME
Personal name Park, Chan S.
245 10 - TITLE STATEMENT
Title Contemporary engineering economics
Statement of responsibility, etc. by Chan S. Park
250 ## - EDITION STATEMENT
Edition statement 3rd ed.
260 ## - PUBLICATION, DISTRIBUTION, ETC. (IMPRINT)
Place of publication, distribution, etc. New Jersey
Name of publisher, distributor, etc. Prentice Hall
Date of publication, distribution, etc. 2002
300 ## - PHYSICAL DESCRIPTION
Extent xxxi, 920 p.
Other physical details ill. (some col.), map
Dimensions 24 cm.
504 ## - BIBLIOGRAPHY, ETC. NOTE
Bibliography, etc Includes bibliographies
650 #0 - SUBJECT ADDED ENTRY--TOPICAL TERM
Topical term or geographic name as entry element Engineering economy
942 ## - ADDED ENTRY ELEMENTS (KOHA)
Koha item type General Book
Holdings
Lost status Koha date last borrowed Piece designation (barcode) Withdrawn status Copy number Koha item type Koha date last seen Shelving location Koha issues (times borrowed) Koha full call number Damaged status Location (home branch) Source of classification or shelving scheme Not for loan Koha normalized classification for sorting Sublocation or collection (holding branch) Date acquired Price effective from
  102575 1General Book2014-09-16Circulation section 658.15/PAR/2002 Central Library, BUET  658_000000000000000_15PAR2002Central Library, BUET2014-09-162014-09-16
  102580 2General Book2014-09-16Circulation section 658.15/PAR/2002 Central Library, BUET  658_000000000000000_15PAR2002Central Library, BUET2014-09-162014-09-16
 2018-11-12102574 3General Book2019-04-13Circulation section1658.15/PAR/2002 Central Library, BUET  658_000000000000000_15PAR2002Central Library, BUET2014-09-162014-09-16
  102579 4General Book2014-09-16Circulation section 658.15/PAR/2002 Central Library, BUET  658_000000000000000_15PAR2002Central Library, BUET2014-09-162014-09-16
  102581 5General Book2014-09-16Circulation section 658.15/PAR/2002 Central Library, BUET  658_000000000000000_15PAR2002Central Library, BUET2014-09-162014-09-16
  102576 6General Book2014-09-16Circulation section 658.15/PAR/2002 Central Library, BUET  658_000000000000000_15PAR2002Central Library, BUET2014-09-162014-09-16
  102578 7General Book2014-09-16Circulation section 658.15/PAR/2002 Central Library, BUET  658_000000000000000_15PAR2002Central Library, BUET2014-09-162014-09-16
  102577 8General Book2014-09-16Circulation section 658.15/PAR/2002 Central Library, BUET  658_000000000000000_15PAR2002Central Library, BUET2014-09-162014-09-16
  102573 9General Book2014-09-16Circulation section 658.15/PAR/2002 Central Library, BUET  658_000000000000000_15PAR2002Central Library, BUET2014-09-162014-09-16
  102582 10General Book2017-04-15Circulation section 658.15/PAR/2002 Central Library, BUET  658_150000000000000_PAR_2002Central Library, BUET2006-06-262017-04-15